000
00337nam a2200145Ia 4500
008
230718s9999 xx 000 0 und d
041
_a
Eng.
082
_a
346.046
_b
KAM-L
100
_a
Kamyana M. Suddique
245
0
_a
Land Revenue 1967
260
_a
Pakistan
_b
Mamool law bok
_c
2011
300
_a
346
650
_a
Law
999
_c
28988
_d
28988